Astral Workbench - прорыв в новое измерение; Схемотехника; № 1

Détails bibliographiques
Parent link:Схемотехника: научно-технический журнал.— , 2002-2007
№ 1.— 2002.— С. 30-31
Autres auteurs: Панаев А., Скобичевский Е., Воробьёв А., Васильченко Е.
Langue:russe
Publié: 2002
Collection:Новости науки и техники
Sujets:
Format: Chapitre de livre
KOHA link:https://koha.lib.tpu.ru/cgi-bin/koha/opac-detail.pl?biblionumber=381526

MARC

LEADER 00000naa2a2200000 4500
001 381526
005 20231101062835.0
035 |a (RuTPU)RU\TPU\prd\4279 
090 |a 381526 
100 |a 20020530a2002 k y0rusy50 ca 
101 0 |a rus 
102 |a RU 
200 1 |a Astral Workbench - прорыв в новое измерение  |f А. Панаев, Е. Скобичевский, А. Воробьёв, Е. Васильченко 
225 1 |a Новости науки и техники 
461 1 |0 (RuTPU)RU\TPU\prd\2494  |t Схемотехника  |o научно-технический журнал  |d 2002-2007 
463 1 |0 (RuTPU)RU\TPU\prd\2500  |t № 1  |v С. 30-31  |d 2002 
610 1 |a компьютерные программы 
610 1 |a чипы 
610 1 |a экспертные системы 
701 1 |a Панаев  |b А. 
701 1 |a Скобичевский  |b Е. 
701 1 |a Воробьёв  |b А. 
701 1 |a Васильченко  |b Е. 
801 1 |a RU  |b 63413507  |c 20020530  |g PSBO 
801 2 |a RU  |b 63413507  |c 20131217  |g RCR 
942 |c BK